| 000 | 00663nas a2200241 i 4500 | ||
|---|---|---|---|
| 001 | 1013 | ||
| 003 | ES-MaACL | ||
| 005 | 20250729062609.0 | ||
| 007 | t| | ||
| 008 | 950801c1808 sp | | 1 ||pa d | ||
| 080 | _a32 | ||
| 245 | 0 | 0 | _aDiario de las Sesiones de las Cortes del Reino (Congreso) desde 1808. |
| 260 |
_aMadrid : _bImp. y Fundición de J.A. García, _c1808. |
||
| 300 |
_a567 v. ; _c32 cm. |
||
| 310 | _aDiaria | ||
| 362 | 0 | _a(1808)- | |
| 650 | 1 | 4 |
_aPeriódicos _915941 |
| 650 | 7 |
_aPolítica _2embne _9140345 |
|
| 852 |
_aES-MaACL _jHem-386 |
||
| 866 | 0 | _o1808-1911,1913-1923. | |
| 942 |
_2udc _cPERIODICA |
||
| 999 |
_c1013 _d1013 |
||